[Event "Laval Ile Jesus op"]
[Site "Laval"]
[Date "1991.11.23"]
[Round "3"]
[White "Pouliot, Louis"]
[Black "Landry, Sylvain"]
[Result "0-1"]
[WhiteElo "1982"]
[BlackElo "1914"]
[PlyCount "60"]
[EventDate "1991.11.22"]
[EventType "swiss"]
[EventRounds "5"]
[EventCountry "CAN"]
[SourceTitle "EXT 2022"]
[Source "ChessBase"]
[SourceDate "2021.10.06"]
[SourceVersion "1"]
[SourceVersionDate "2021.10.06"]
[SourceQuality "1"]

1. e4 c5 2. Nf3 d6 3. d4 cxd4 4. Nxd4 Nf6 5. Nc3 a6 6. Bg5 e6 7. f4 Qb6 8. Qd2 Qxb2 9. Rb1 Qa3 10. Be2 Nbd7 11. 0-0 Qc5 12. Kh1 Be7 13. f5 e5 14. Nb3 Qc7 15. Rf3 b5 16. Rg3 Bb7 17. Bd3 Rc8 18. Nd5 Nxd5 19. exd5 Bxd5 20. Bxe7 Kxe7 21. Rxg7 Nf6 22. Nd4 Rhg8 23. Ne6 Qb7 24. a4 Rxg7 25. Nxg7 Rg8 26. Qg5 h6 27. Qxh6 Bxg2+ 28. Kg1 Bh1 29. Bf1 Be4 30. axb5 Qb6+ 0-1

[Event "Quebec Carnaval"]
[Site "Quebec"]
[Date "1991.02.08"]
[Round "1"]
[White "Pouliot, Louis"]
[Black "Morin, Louis"]
[Result "1-0"]
[WhiteElo "2057"]
[BlackElo "1879"]
[PlyCount "91"]
[EventDate "1991.02.08"]
[EventType "swiss"]
[EventRounds "5"]
[EventCountry "CAN"]
[SourceTitle "EXT 2022"]
[Source "ChessBase"]
[SourceDate "2021.10.06"]
[SourceVersion "1"]
[SourceVersionDate "2021.10.06"]
[SourceQuality "1"]

1. e4 e5 2. Nf3 d6 3. d4 Nf6 4. Nc3 Nbd7 5. Be2 Be7 6. 0-0 0-0 7. h3 c6 8. Be3 Qc7 9. a4 b6 10. Nd2 Bb7 11. f4 a6 12. Qe1 exf4 13. Bxf4 c5 14. d5 Ne5 15. Bxe5 dxe5 16. Qg3 Ne8 17. Nc4 f6 18. Ra3 Nd6 19. Rb3 Nxc4 20. Bxc4 Bd6 21. Nd1 b5 22. axb5 axb5 23. Bxb5 f5 24. Bc4 fxe4 25. Nf2 Ra4 26. Nxe4 Rxf1+ 27. Kxf1 Rxc4 28. Nxd6 Rf4+ 29. Kg1 Bxd5 30. Ne8 Qa7 31. Rb8 Kf8 32. Nf6+ Kf7 33. Nxd5 Qxb8 34. Nxf4 exf4 35. Qf3 Qe5 36. Kf2 Qxb2 37. Qd5+ Kg6 38. Qd6+ Qf6 39. Qxc5 Qh4+ 40. Ke2 Qh5+ 41. Qxh5+ Kxh5 42. Kf3 g5 43. c4 Kg6 44. c5 Kf6 45. Kg4 h6 46. c6 1-0

[Event "Quebec op"]
[Site "Montreal"]
[Date "1987.08.02"]
[Round "8"]
[White "Trottier, Alain"]
[Black "Pouliot, Louis"]
[Result "1/2-1/2"]
[WhiteElo "1739"]
[BlackElo "1976"]
[PlyCount "126"]
[EventDate "1987.07.26"]
[EventType "swiss"]
[EventRounds "8"]
[EventCountry "CAN"]
[SourceTitle "EXT 2022"]
[Source "ChessBase"]
[SourceDate "2021.10.06"]
[SourceVersion "1"]
[SourceVersionDate "2021.10.06"]
[SourceQuality "1"]

1. e4 e5 2. Nf3 Nc6 3. Bb5 a6 4. Ba4 Nf6 5. 0-0 b5 6. Bb3 Be7 7. Re1 d6 8. h3 0-0 9. c3 Bb7 10. d4 Re8 11. Nbd2 Bf8 12. Bc2 h6 13. b3 g6 14. Bb2 Bg7 15. Rc1 Nh5 16. Bb1 Nf4 17. Nf1 Bc8 18. Ne3 Qd7 19. Nd5 Ne6 20. Qd2 Ne7 21. c4 Nxd5 22. cxd5 Nf4 23. dxe5 dxe5 24. Re3 Bb7 25. Bd3 c6 26. dxc6 Bxc6 27. Bb1 Qxd2 28. Nxd2 Rad8 29. Nf3 Ba8 30. Kh2 Re7 31. g3 Nh5 32. Rec3 f6 33. Rc8 Red7 34. Rxd8+ Rxd8 35. Rc7 Bf8 36. Bc3 Bd6 37. Ra7 Bc5 38. Rxa6 Bxf2 39. g4 Nf4 40. Rxf6 Rd1 41. Bxe5 Rxb1 42. Bxf4 Bxe4 43. Bxh6 Rb2 44. Nd2 Be1 45. Rd6 Rxa2 46. Kg1 Ra1 47. Nxe4 Bg3+ 48. Kg2 Bxd6 49. Nxd6 Rb1 50. Nxb5 Rxb3 51. Nd6 Rd3 52. Ne4 Kf7 53. Kf2 Ra3 54. Be3 Ke6 55. Kf3 Ke5 56. h4 Ra8 57. Bf4+ Kd4 58. Bg5 Ke5 59. Bf6+ Ke6 60. Bc3 Ra3 61. h5 gxh5 62. gxh5 Kf5 63. h6 Rxc3+ 1/2-1/2

[Event "Quebec op"]
[Site "Montreal"]
[Date "1987.08.01"]
[Round "7"]
[White "Pouliot, Louis"]
[Black "Lafontaine, Julien"]
[Result "1-0"]
[WhiteElo "1976"]
[BlackElo "1583"]
[PlyCount "99"]
[EventDate "1987.07.26"]
[EventType "swiss"]
[EventRounds "8"]
[EventCountry "CAN"]
[SourceTitle "EXT 2022"]
[Source "ChessBase"]
[SourceDate "2021.10.06"]
[SourceVersion "1"]
[SourceVersionDate "2021.10.06"]
[SourceQuality "1"]

1. d4 Nf6 2. c4 e6 3. Nf3 b6 4. g3 Bb7 5. Bg2 d5 6. b3 Nc6 7. 0-0 Be7 8. Bb2 0-0 9. Nbd2 a5 10. a3 Re8 11. Qc2 Nd7 12. e4 dxe4 13. Nxe4 h6 14. Rad1 Na7 15. Ne5 Rb8 16. f4 Nf6 17. d5 exd5 18. Nxf6+ Bxf6 19. Bxd5 Bxd5 20. Rxd5 Qe7 21. Rd7 Qc5+ 22. Bd4 Qxa3 23. Ra1 Qb4 24. Rxc7 Qd6 25. Rd7 Qxd7 26. Nxd7 Bxd4+ 27. Kf1 Bxa1 28. Nxb8 Rxb8 29. Qd1 Bc3 30. Qd7 Bb4 31. Qxa7 Bd6 32. Qd7 Bc5 33. Ke2 Kf8 34. Kf3 Re8 35. Kg4 g6 36. f5 Re4+ 37. Kh3 g5 38. Qd8+ Re8 39. Qf6 Be3 40. Qxh6+ Ke7 41. Kg4 Rd8 42. Qg7 Rd3 43. Qe5+ Kd8 44. Qb8+ Ke7 45. Qc7+ Kf6 46. Qc6+ Ke5 47. Qe8+ Kf6 48. Qh8+ Ke7 49. Qe5+ Kd8 50. f6 1-0

[Event "Quebec op"]
[Site "Montreal"]
[Date "1987.07.30"]
[Round "5"]
[White "Pouliot, Louis"]
[Black "Mercille, Pierre"]
[Result "0-1"]
[WhiteElo "1976"]
[BlackElo "1890"]
[PlyCount "115"]
[EventDate "1987.07.26"]
[EventType "swiss"]
[EventRounds "8"]
[EventCountry "CAN"]
[SourceTitle "EXT 2022"]
[Source "ChessBase"]
[SourceDate "2021.10.06"]
[SourceVersion "1"]
[SourceVersionDate "2021.10.06"]
[SourceQuality "1"]

1. d4 Nf6 2. c4 e5 3. dxe5 Ng4 4. Bf4 Nc6 5. Nf3 Bb4+ 6. Nbd2 Qe7 7. e3 Ngxe5 8. Be2 d6 9. 0-0 Bxd2 10. Qxd2 Be6 11. Qc3 Ng6 12. Bg3 h5 13. h3 0-0-0 14. b4 f6 15. b5 Nce5 16. Nd4 Bd7 17. Qa5 Kb8 18. Rab1 b6 19. Qa4 c5 20. bxc6 Be8 21. f4 Nxc6 22. Nxc6+ Bxc6 23. Qxc6 Qxe3+ 24. Bf2 Qe8 25. Rxb6+ axb6 26. Qxb6+ Kc8 27. Qa6+ Kd7 28. Qb7+ Ke6 29. f5+ Kxf5 30. Be3+ Ke6 31. Bd3 Ne7 32. Re1 Kf7 33. c5 Qd7 34. Bc4+ Kf8 35. Qxd7 Rxd7 36. Bb5 Rb7 37. a4 dxc5 38. Bxc5 h4 39. Ba6 Rc7 40. Bb6 Rc6 41. a5 Rh5 42. Rb1 Rxa5 43. Bxa5 Rxa6 44. Rb8+ Kf7 45. Bb4 Nf5 46. Kf2 Ra2+ 47. Kf3 Rb2 48. Rf8+ Kg6 49. Be1 Nd4+ 50. Ke4 Re2+ 51. Kxd4 Rxe1 52. Rh8 Kg5 53. Rh7 g6 54. Ra7 Re2 55. Ra5+ f5 56. Ra1 Rxg2 57. Rh1 Kf4 58. Rf1+ 0-1

[Event "Quebec op"]
[Site "Montreal"]
[Date "1987.07.28"]
[Round "3"]
[White "Pouliot, Louis"]
[Black "Leveille, Francois"]
[Result "0-1"]
[WhiteElo "1976"]
[BlackElo "2300"]
[PlyCount "52"]
[EventDate "1987.07.26"]
[EventType "swiss"]
[EventRounds "8"]
[EventCountry "CAN"]
[SourceTitle "EXT 2022"]
[Source "ChessBase"]
[SourceDate "2021.10.06"]
[SourceVersion "1"]
[SourceVersionDate "2021.10.06"]
[SourceQuality "1"]

1. e4 c5 2. Nf3 Nc6 3. d4 cxd4 4. Nxd4 Nf6 5. Nc3 e5 6. Ndb5 d6 7. Bg5 a6 8. Na3 b5 9. Nd5 Be7 10. Nxe7 Nxe7 11. Bxf6 gxf6 12. Qf3 f5 13. exf5 Bxf5 14. Bd3 Be6 15. c3 0-0 16. Qh5 Ng6 17. Bf5 Qf6 18. Bxg6 hxg6 19. Qh6 Rac8 20. 0-0 a5 21. f4 b4 22. f5 Bxf5 23. g4 bxa3 24. Rxf5 axb2 25. Rb1 Qe6 26. Rf2 Rxc3 0-1

[Event "Quebec op"]
[Site "Montreal"]
[Date "1986.08.10"]
[Round "8"]
[White "Pouliot, Louis"]
[Black "Labelle, Jacques"]
[Result "0-1"]
[WhiteElo "1932"]
[BlackElo "2094"]
[PlyCount "118"]
[EventDate "1986.08.03"]
[EventType "swiss"]
[EventRounds "8"]
[EventCountry "CAN"]
[SourceTitle "EXT 2022"]
[Source "ChessBase"]
[SourceDate "2021.10.06"]
[SourceVersion "1"]
[SourceVersionDate "2021.10.06"]
[SourceQuality "1"]

1. d4 Nf6 2. c4 g6 3. Nc3 Bg7 4. e4 d6 5. f3 c6 6. Be3 a6 7. a4 a5 8. Nge2 Na6 9. Qd2 h5 10. Rd1 Nb4 11. Nc1 0-0 12. Bd3 Nd7 13. 0-0 d5 14. cxd5 cxd5 15. e5 Nb6 16. Bh6 Bd7 17. b3 Rc8 18. Bxg7 Kxg7 19. Bb1 e6 20. N1e2 Rc7 21. Nf4 Nc8 22. Rc1 Na7 23. Qf2 Qg5 24. Nh3 Qe7 25. Nf4 Rfc8 26. Nce2 Rxc1 27. Rxc1 Rxc1+ 28. Nxc1 Be8 29. h4 b5 30. g4 hxg4 31. axb5 Nxb5 32. fxg4 Nc3 33. Bd3 Nxd3 34. Ncxd3 Ne4 35. Qh2 Qa3 36. Qb2 Qxb2 37. Nxb2 Nd2 38. Ne2 Nf3+ 39. Kf2 Nxh4 40. Kg3 g5 41. Nc1 f6 42. exf6+ Kxf6 43. Nbd3 Ng6 44. Nc5 Bc6 45. b4 axb4 46. N1d3 Bb5 47. Nxb4 Nf4 48. Nc2 e5 49. dxe5+ Kxe5 50. Ne1 Kd4 51. Nb3+ Kc3 52. Na5 Be2 53. Nc6 d4 54. Nd8 Kd2 55. Nf7 Kxe1 56. Nxg5 Ng6 57. Ne4 d3 58. g5 Bh5 59. Kg2 Bg4 0-1